LEADER 00912nam0-22002771i-450- 001 990006322970403321 005 19980601 035 $a000632297 035 $aFED01000632297 035 $a(Aleph)000632297FED01 035 $a000632297 100 $a19980601g18371838km-y0itay50------ba 105 $a--------00-yy 200 1 $aHistoire abregée des traites de la paix entre les puissances de l'Europe depuis la paix de westphale$fC. de Koch. 210 $aBruxelles$cMelins Caus et Cie$d1837-1838 215 $a2 v.$d30 cm 676 $a341.66 700 1$aKoch,$bChristophe-Guillaume : de$f<1737-1813>$0267249 801 0$aIT$bUNINA$gRICA$2UNIMARC 901 $aBK 912 $a990006322970403321 952 $aX P 2$b10648$fFGBC 959 $aFGBC 996 $aHistoire abregée des traites de la paix entre les puissances de l'Europe depuis la paix de westphale$9655477 997 $aUNINA DB $aGIU01 LEADER 00944nam a22002531i 4500 001 991001797919707536 005 20031217142247.0 008 040407s1978 it |||||||||||||||||ita 035 $ab12824999-39ule_inst 035 $aARCHE-080461$9ExL 040 $aDip.to Scienze Storiche$bita$cA.t.i. Arché s.c.r.l. Pandora Sicilia s.r.l. 082 04$a330.945 100 1 $aLugli, Giampiero$0361408 245 13$aIl commercio nell'economia italiana /$cGiampiero Lugli 260 $aBologna :$bIl Mulino,$c1978 300 $a164 p. ;$c21 cm 440 0$aStudi e ricerche sul commercio ;$v1 650 4$aCommercio$zItalia 907 $a.b12824999$b02-04-14$c16-04-04 912 $a991001797919707536 945 $aLE009 STOR.88.9-161$g1$i2009000389267$lle009$o-$pE0.00$q-$rl$s- $t0$u0$v0$w0$x0$y.i13376214$z16-04-04 996 $aCommercio nell'economia italiana$9299585 997 $aUNISALENTO 998 $ale009$b16-04-04$cm$da $e-$fita$git $h3$i1